| 000 | 00354nam a22001577a 4500 | ||
|---|---|---|---|
| 003 | MACL | ||
| 005 | 20151126161103.0 | ||
| 008 | 151126b xxu||||| |||| 00| 0 eng d | ||
| 040 | _cMACL | ||
| 041 | _aEnglish | ||
| 082 | _a320/KAL | ||
| 100 |
_aKalita,Haren Ch. _918392 |
||
| 245 | _aRegional Politics | ||
| 650 |
_aPolitics _918393 |
||
| 942 |
_2ddc _cBK |
||
| 999 |
_c51192 _d51192 |
||